000 00857nam a2200265 a 4500
001 1948
003 BD-RjUL
005 20211208233441.0
008 131210s1996 ii b 001 0 eng c
035 _a(OCoLC)ocm18110246
035 _a(BD-RjUL)1975
040 _aDLC/MH
_cHLS
_dDLC
_dBD-RjUL
_beng
041 _aeng
082 _216
_a320.954
_bGAN 1966
245 0 0 _aGandhi and politics in India /
_cedited by Verinder Grover.
260 _aNew Delhi :
_bDeep & Deep Publications,
_cc1996.
300 _a240 p. ;
_c22 cm.
504 _aBibliography: p. [231]-233. and index.
600 1 0 _aGandhi,
_cMahatma,
_d1869-1948
_xPolitical and social views.
_96440
651 0 _aIndia
_xPolitics and government
_y20th century.
_96441
700 1 _aGrover, Verinder.
_96442
942 _2ddc
_cBK
_01
999 _c1948
_d1948